000 00521nam a2200217Ia 4500
003 OSt
005 20221005114125.0
006 a|||||r|||| 00| 0
007 ta
008 221004b |||||||| |||| 00| 0 mal d
024 _a57141
037 _cTextual
040 _aCRL
_cCRL
_bmal
041 _2mal
_amal
082 _aO32,3N19x, H8
245 0 _aAndhakarathil
260 _c1948
650 _aMALAYALAM LITERATURE
_938866
942 _hO32,3N19x, H8
_cTEXL
_2cc
999 _c1030312
_d1030312